000 01425cam a2200337 4500
001 WB4008-09
008 040225n2004 000 0 eng u
035 _a(Sirsi) u125231
245 _aEurope's two speed housing market
260 _c2004
490 _aRICS Press Release
_v(pr011) 16 February 2004 (2)
520 _a"RICS European Housing Review 2004" (ISBN: 1842191764), provides an overview of the trends and issues currently dominating the market. It shows more European countries experienced double-digit house price inflation last year than in the previous year, with booming markets in Spain and the UK joined by France and Ireland. These house prices are not expected to be sustained in 2004 and other areas have stagnated in 2003 including Germany, Austria, Netherlands and Denmark. Register to view the report at http://www.rics.org/resources/research/ehr_2003/in dex.html For the RICS press release: http://www.rics.org/ricscms/bin/show?class=PressRe lease&template=/includes/showpr.html&id=1127
590 _aWB
590 _aWB
650 _aEUROPEAN MARKET
650 _aSPAIN
650 _aFRANCE
650 _aIRELAND
650 _aGERMANY
650 _aAUSTRIA
650 _aBELGIUM
650 _aDENMARK
650 _aFINLAND
650 _aGREECE
650 _aIRELAND
650 _aSWEDEN
650 _aUK
650 _aITALY
690 _aHOUSING-MARKET
942 _n0
999 _c117056
_d117056